College trigonometry / (Record no. 7642)
[ view plain ]
| 000 -LEADER | |
|---|---|
| fixed length control field | 00405nam a2200145 a 4500 |
| 020 ## - ISBN | |
| International Standard Book Number | 0030071038 |
| 050 00 - LIBRARY OF CONGRESS CALL NUMBER | |
| Classification Number | QA 531 |
| Item Number | .G83 1989 |
| 100 1# - MAIN ENTRY--Author | |
| Personal name | Grossman, Stanley I. |
| 245 10 - TITLE | |
| Title | College trigonometry / |
| Statement of responsibility, etc | Stanley I. Grossman. |
| 260 ## - PUBLICATION, DISTRIBUTION, ETC.(IMPRINT) | |
| Place of publication, distribution, etc | Philadelphia : |
| Name of publisher, distributor, etc | Saunders College Pub., |
| Date of publication, distribution, etc | c1989. |
| 300 ## - PHYSICAL DESCRIPTION | |
| Extent | xv, 309, 30, 4 p. : |
| 500 ## - GENERALNOTE | |
| General note | Includes index. |
| 650 #0 - SUBJECT--TOPIC | |
| General subdivision | college trigonometry |
| 942 ## - ADDED ENTRY ELEMENTS(KOHA) | |
| Source of classification or shelving scheme | Library of Congress Classification |
| Koha item type | General circulation |
| Source of classification or shelving scheme | Not for loan | Location (home branch) | Sublocation (holding branch) | Shelving location | Date accessioned | Full call number | Barcode | Nonpublic note | Koha item type |
|---|---|---|---|---|---|---|---|---|---|
| Library of Congress Classification | Main Campus Library | Main Campus Library | 29/07/2015 | QA 531 .G83 1989 | 2015/005164 | jm | General circulation |